Beton.Hofi Playbania Album számok - Statistics

General Stats
  • This quiz has been taken 19 times
  • The average score is 8 of 14
Answer Stats
Hint Answer % Correct
13 PLAYBANIA
87%
1 BAGIRA
80%
4 GUY RITCHIE
67%
14 DAY 1000
60%
12 PULLED PORK
60%
6 TISZALÖK
60%
10 TOM HANKS
60%
7 HOLNAP
53%
3 ALBÁN TYGA INTERLUDE
47%
2 DOHÁNYBOLT
47%
8 FÁRADT
40%
9 FREESTYLE FREESTYLE
40%
11 POP
40%
5 BACKSEAT BOYS
33%
No matching quizzes found
Score Distribution
Percent of People with Each Score
Percentile by Number Answered
Your Score History
You have not taken this quiz